[Event "Team junior-boys chess final 2017"]
[Site "Sochi"]
[Date "2017.05.05"]
[Round "5.2"]
[White "Tarasov, Danila"]
[Black "Dotsenko, Makar"]
[Result "1-0"]
[WhiteElo "1744"]
[BlackElo "1462"]
[PlyCount "97"]
[EventDate "2017.05.01"]

1. Nc3 d5 2. e4 dxe4 3. Nxe4 Nc6 4. Nf3 Bg4 5. Ng3 Nd4 6. Be2 Nxe2 7. Qxe2 c6
8. h3 Bxf3 9. Qxf3 Nf6 10. O-O e6 11. c3 Bd6 12. d4 h6 13. Ne4 Nxe4 14. Qxe4
Qc7 15. Qg4 g6 16. c4 O-O-O 17. d5 h5 18. Qf3 exd5 19. cxd5 c5 20. Bg5 Rde8 21.
Bf6 Rhg8 22. Rac1 Be5 23. b4 c4 24. Bxe5 Rxe5 25. d6 Qxd6 26. Qxf7 Rf8 27.
Qxc4+ Kb8 28. Rfd1 Qb6 29. Rc2 Ref5 30. Qd4 Qxd4 31. Rxd4 g5 32. a4 Rf4 33.
Rdc4 a6 34. g3 Rxc4 35. Rxc4 b6 36. f4 gxf4 37. Rxf4 Rd8 38. Re4 Rd1+ 39. Kf2
Ra1 40. b5 Ra2+ 41. Kf3 axb5 42. axb5 Rh2 43. Rh4 Kc7 44. Rxh5 Kd6 45. Kg4 Rc2
46. Rg5 Ke6 47. Rg6+ Ke5 48. Rxb6 Rc4+ 49. Kg5 1-0

[Event "Team junior-boys chess final 2017"]
[Site "Sochi"]
[Date "2017.05.05"]
[Round "5.2"]
[White "Kopylov, Artem"]
[Black "Vasilyev, Alexey"]
[Result "0-1"]
[WhiteElo "1481"]
[BlackElo "1845"]
[PlyCount "64"]
[EventDate "2017.05.01"]

1. d4 Nf6 2. c4 e6 3. Nf3 Bb4+ 4. Nbd2 O-O 5. a3 Be7 6. e4 d6 7. Bd3 Nbd7 8.
Qc2 e5 9. O-O exd4 10. Nxd4 Nc5 11. Be2 a5 12. b3 Re8 13. Bb2 Bf8 14. f3 Bd7
15. Rfd1 g6 16. Nf1 Bg7 17. Ne3 Qb8 18. Nd5 Nxd5 19. cxd5 Qa7 20. Nb5 Bxb5 21.
Bxb5 Bxb2 22. Ra2 c6 23. dxc6 Be5 24. cxb7 Nxb7+ 25. Kh1 Rec8 26. Qe2 Nc5 27.
Bc4 Ne6 28. g3 Nd4 29. Qd3 Rc7 30. Rdd2 Rac8 31. Rg2 a4 32. f4 axb3 0-1

[Event "Team junior-boys chess final 2017"]
[Site "Sochi"]
[Date "2017.05.05"]
[Round "5.3"]
[White "Kytin, Makar"]
[Black "Nesterov, Arseniy"]
[Result "1-0"]
[WhiteElo "2120"]
[BlackElo "2324"]
[PlyCount "95"]
[EventDate "2017.05.01"]

1. e4 e5 2. Nf3 Nc6 3. Bc4 Bc5 4. d3 Nf6 5. O-O O-O 6. c3 d6 7. b4 Bb6 8. a4 a6
9. h3 Ne7 10. Nbd2 Ng6 11. Re1 c6 12. Nf1 h6 13. Ng3 Be6 14. Bb3 d5 15. c4 dxe4
16. dxe4 Qxd1 17. Rxd1 a5 18. Bb2 axb4 19. Nxe5 Nf4 20. Nd3 Nxd3 21. Rxd3 Nd7
22. Nh5 f6 23. Rxd7 Bxd7 24. c5+ Kh8 25. cxb6 Ra5 26. Rd1 Be8 27. Nf4 Bf7 28.
Rd7 Bxb3 29. Ng6+ Kg8 30. Nxf8 Kxf8 31. Rxb7 Ra6 32. a5 Rxa5 33. Ra7 Rb5 34. b7
c5 35. Ra8+ Ke7 36. b8=Q Rxb8 37. Rxb8 Be6 38. Kf1 Kd6 39. Ke1 Kc7 40. Re8 Kd7
41. Ra8 Kc6 42. Kd2 c4 43. Ra6+ Kd7 44. Ra7+ Kd6 45. Rxg7 f5 46. exf5 Bxf5 47.
g4 Be4 48. Ra7 1-0

[Event "Team junior-boys chess final 2017"]
[Site "Sochi"]
[Date "2017.05.05"]
[Round "5.3"]
[White "Tsoi, Dmitry"]
[Black "Babakekhyan, Artem"]
[Result "1-0"]
[WhiteElo "2305"]
[BlackElo "1924"]
[PlyCount "119"]
[EventDate "2017.05.01"]

1. e4 c5 2. Nf3 d6 3. d4 cxd4 4. Nxd4 Nf6 5. f3 e5 6. Nb3 d5 7. Bg5 Be6 8. Bxf6
gxf6 9. exd5 Qxd5 10. Qxd5 Bxd5 11. Nc3 Be6 12. Nb5 Kd8 13. O-O-O+ Kc8 14. Nd6+
Bxd6 15. Rxd6 Kc7 16. Rd3 b6 17. Rc3+ Kb7 18. Nd2 f5 19. Nc4 Nc6 20. Nd6+ Kc7
21. Bb5 Kxd6 22. Rxc6+ Ke7 23. Rc7+ Kf6 24. Bd7 Rhd8 25. Rd1 Rxd7 26. Rdxd7
Bxd7 27. Rxd7 f4 28. Kd1 Ke6 29. Rc7 h5 30. a4 Rd8+ 31. Ke1 a6 32. Ra7 a5 33.
Rb7 Rd6 34. h4 f6 35. Ke2 Kf5 36. Rb8 Kg6 37. c3 f5 38. Rf8 Rd5 39. Rb8 Rd6 40.
Rg8+ Kh6 41. Re8 Kg6 42. Rxe5 Kf6 43. Re8 Kf7 44. Rc8 Rd5 45. Rc7+ Kg8 46. Rb7
Rd6 47. b3 Rg6 48. Kd3 Rd6+ 49. Kc4 Rc6+ 50. Kd4 Re6 51. Kd5 Re3 52. Kc4 Re6
53. Kb5 Re3 54. Rc7 Re2 55. Kxb6 Rxg2 56. Kxa5 Rf2 57. b4 Rxf3 58. b5 Rf1 59.
b6 Rb1 60. Rc5 1-0

[Event "Team junior-boys chess final 2017"]
[Site "Sochi"]
[Date "2017.05.05"]
[Round "5.3"]
[White "Grachev, Alexey"]
[Black "Murzin, Volodar"]
[Result "1-0"]
[WhiteElo "2147"]
[BlackElo "2315"]
[PlyCount "109"]
[EventDate "2017.05.01"]

1. e4 c5 2. c4 Nc6 3. Ne2 e5 4. d3 d6 5. Nbc3 g6 6. g3 Bg7 7. Bg2 Nge7 8. O-O
O-O 9. Be3 Nd4 10. a3 a5 11. Bxd4 cxd4 12. Nb5 a4 13. b3 axb3 14. Qxb3 Nc6 15.
a4 Re8 16. f4 exf4 17. Nxf4 Be5 18. Nd5 Rf8 19. Nf4 Kg7 20. Qb2 h5 21. h4 Bg4
22. Qd2 Qd7 23. Bf3 Na7 24. Qf2 Nxb5 25. axb5 Bxf3 26. Qxf3 Qg4 27. Qxg4 hxg4
28. Ne2 Rxa1 29. Rxa1 f5 30. exf5 Rxf5 31. Rf1 b6 32. Rxf5 gxf5 33. Kf2 Kg6 34.
Nc1 f4 35. Na2 fxg3+ 36. Kg2 d5 37. cxd5 Bd6 38. Nc1 Kh5 39. Nb3 Kxh4 40. Nd2
Kh5 41. Nc4 Bc5 42. d6 Kg6 43. d7 Be7 44. Nxb6 Kf7 45. Nd5 Ke6 46. b6 Kxd5 47.
b7 Kc6 48. b8=Q Kxd7 49. Qb7+ Kd6 50. Kxg3 Bf6 51. Kxg4 Be5 52. Kf5 Bh8 53. Ke4
Bf6 54. Qb6+ Ke7 55. Kf5 1-0

[Event "Team junior-boys chess final 2017"]
[Site "Sochi"]
[Date "2017.05.05"]
[Round "5.3"]
[White "Makoveev, Ilya"]
[Black "Minachev, Maksim"]
[Result "0-1"]
[WhiteElo "2246"]
[BlackElo "1956"]
[PlyCount "108"]
[EventDate "2017.05.01"]

1. e4 c5 2. Nf3 d6 3. c3 Nf6 4. Be2 g6 5. O-O Bg7 6. Re1 O-O 7. d3 Nc6 8. Nbd2
e5 9. Qc2 a6 10. a4 Be6 11. Ng5 Bc8 12. Nc4 Rb8 13. a5 h6 14. Nf3 Be6 15. Nfd2
Kh7 16. Qa4 Ne8 17. Nb6 Nc7 18. Bd1 f5 19. Bb3 f4 20. Bxe6 Nxe6 21. f3 g5 22.
Qb3 Rf6 23. h3 h5 24. Kf2 Rg6 25. Rh1 Bh6 26. Ke1 Qc7 27. Nf1 Rbg8 28. g4 fxg3
29. Nxg3 Nf4 30. Nd5 Qf7 31. Bxf4 gxf4 32. Ne2 R8g7 33. Kd2 Bg5 34. Qc4 Bh4 35.
Nb6 Qc7 36. Nd5 Qd8 37. b4 cxb4 38. cxb4 Rg2 39. Ndc3 Nd4 40. Rhf1 Rc7 41. Qd5
Qc8 42. Rfc1 Rxc3 43. Qf7+ Kh6 44. Rxc3 Rxe2+ 45. Kd1 Re1+ 46. Kd2 Nxf3+ 47.
Kc2 Re2+ 48. Kb3 Nd4+ 49. Ka4 Qe6 50. Qf8+ Kg6 51. Rc4 f3 52. Rg1+ Rg2 53. Ra1
f2 54. Rf1 Rg1 0-1

[Event "Team junior-boys chess final 2017"]
[Site "Sochi"]
[Date "2017.05.05"]
[Round "5.4"]
[White "Mochalin, Faddey"]
[Black "Kirushin, Ivan"]
[Result "1-0"]
[WhiteElo "1994"]
[BlackElo "1640"]
[PlyCount "47"]
[EventDate "2017.05.01"]

1. c4 e5 2. d3 d6 3. Nc3 f5 4. g3 Be7 5. Bg2 Nf6 6. e3 c6 7. Nge2 Be6 8. d4
Bxc4 9. Qc2 Be6 10. e4 fxe4 11. dxe5 dxe5 12. Nxe4 Bd5 13. N2c3 Bxe4 14. Nxe4
Nxe4 15. Bxe4 Bb4+ 16. Kf1 g6 17. h4 Qc7 18. Bg5 Be7 19. Rd1 Bxg5 20. hxg5 O-O
21. Kg2 Qe7 22. Rh6 Qxg5 23. Rdh1 Nd7 24. Qc4+ 1-0

[Event "Team junior-boys chess final 2017"]
[Site "Sochi"]
[Date "2017.05.05"]
[Round "5.4"]
[White "Goncharova, Sofiya"]
[Black "Bobkov, Vadim"]
[Result "0-1"]
[WhiteElo "1034"]
[BlackElo "1894"]
[PlyCount "44"]
[EventDate "2017.05.01"]

1. e4 c5 2. Nf3 Nc6 3. d4 cxd4 4. Nxd4 g6 5. Nxc6 bxc6 6. Be3 Bg7 7. Nc3 Rb8 8.
Bxa7 Rxb2 9. Bd4 Nf6 10. Na4 Qa5+ 11. Bc3 Qxa4 12. Bxb2 Qb4+ 13. c3 Qxb2 14.
Rc1 Nxe4 15. Rc2 Bxc3+ 16. Ke2 Qa3 17. Qd3 Ba6 18. Qxa6 Qxa6+ 19. Ke3 Qa4 20.
Rc1 Qd4+ 21. Kf3 Ng5+ 22. Ke2 Qd2# 0-1

[Event "Team junior-boys chess final 2017"]
[Site "Sochi"]
[Date "2017.05.05"]
[Round "5.5"]
[White "Grigoriants, Boris"]
[Black "Shubin, Kirill"]
[Result "0-1"]
[WhiteElo "1731"]
[BlackElo "2287"]
[PlyCount "88"]
[EventDate "2017.05.01"]

1. d4 e6 2. Nf3 Nf6 3. Bg5 c5 4. e3 b6 5. c3 Bb7 6. Nbd2 cxd4 7. exd4 Be7 8.
Bd3 O-O 9. O-O Nd5 10. Ne4 f5 11. Nd6 Bc6 12. Bxe7 Qxe7 13. Nc4 Nf4 14. Nce5
Bb7 15. Bc4 g5 16. Qd2 Nc6 17. Nxc6 Bxc6 18. Qe3 Qg7 19. d5 Nxd5 20. Qxg5 Qxg5
21. Nxg5 Nf4 22. g3 b5 23. gxf4 bxc4 24. h4 h6 25. Nh3 Rab8 26. Rab1 Be4 27.
Rbd1 Bd3 28. Rd2 Bxf1 29. Kxf1 Rb7 30. Ng1 Kf7 31. Nf3 Rg8 32. Ne5+ Ke7 33. h5
d5 34. Re2 Kf6 35. f3 Rg3 36. Rh2 Rbg7 37. Rf2 Rg1+ 38. Ke2 R7g2 39. Nc6 Rxf2+
40. Kxf2 Rg7 41. Nb4 Rb7 42. Ke3 a5 43. a3 axb4 44. cxb4 e5 0-1

[Event "Team junior-boys chess final 2017"]
[Site "Sochi"]
[Date "2017.05.05"]
[Round "5.5"]
[White "Zemnitskiy, Alexander"]
[Black "Babayan, Arman S"]
[Result "1-0"]
[WhiteElo "2010"]
[BlackElo "1746"]
[PlyCount "117"]
[EventDate "2017.05.01"]

1. e4 c5 2. Nf3 Nc6 3. Bb5 g6 4. O-O Bg7 5. Re1 Nf6 6. c3 O-O 7. h3 a6 8. Bf1
b5 9. d4 cxd4 10. cxd4 d6 11. a3 Bb7 12. Nc3 Rc8 13. Bg5 h6 14. Bxf6 Bxf6 15.
e5 dxe5 16. dxe5 Bg7 17. Qe2 Nd4 18. Nxd4 Qxd4 19. Rad1 Qc5 20. g3 Rfd8 21.
Rxd8+ Rxd8 22. Bg2 Bxg2 23. Kxg2 f6 24. h4 Qxe5 25. Qxe5 fxe5 26. Ne4 Rd5 27.
Rc1 Kf7 28. Rc6 a5 29. Kf3 Bf6 30. Ke3 b4 31. axb4 axb4 32. Rb6 Rd4 33. b3 h5
34. f3 Kg7 35. Nc5 Kf7 36. Nd3 e4 37. fxe4 e5 38. Nxb4 g5 39. Rb7+ Ke8 40. Nd5
Bd8 41. Rh7 gxh4 42. gxh4 Bxh4 43. Rxh5 Bg3 44. Rh1 Kf7 45. b4 Ke6 46. b5 Ra4
47. Rb1 Ra3+ 48. Ke2 Ra8 49. Kf3 Ra3+ 50. Kg2 Bh4 51. b6 Rg3+ 52. Kh2 Rg8 53.
b7 Rb8 54. Nc7+ Kd7 55. Na6 Rxb7 56. Rxb7+ Kc6 57. Rh7 Be1 58. Nb8+ Kd6 59.
Rd7+ 1-0

[Event "Team junior-boys chess final 2017"]
[Site "Sochi"]
[Date "2017.05.05"]
[Round "5.5"]
[White "Terzyan, Nazar"]
[Black "Postnikov, Roman"]
[Result "1/2-1/2"]
[WhiteElo "1715"]
[BlackElo "2082"]
[PlyCount "94"]
[EventDate "2017.05.01"]

1. d4 Nf6 2. Nf3 e6 3. e3 b6 4. Bd3 Bb7 5. b3 c5 6. Bb2 Nc6 7. O-O Be7 8. Nbd2
O-O 9. c4 cxd4 10. exd4 d5 11. Ne5 dxc4 12. Ndxc4 g6 13. Rc1 Rc8 14. Be2 b5 15.
Nxc6 Rxc6 16. Ne5 Rxc1 17. Qxc1 Qb6 18. Bf3 Rc8 19. Qd2 Nd5 20. Bxd5 Bxd5 21.
Qf4 f6 22. Ng4 Rc2 23. Bc1 Qd8 24. a4 bxa4 25. bxa4 Ra2 26. h4 Rxa4 27. h5 g5
28. Qe3 Qe8 29. h6 Qh5 30. Qe2 Kf8 31. f3 Qe8 32. Qc2 Kg8 33. f4 Ra2 34. Bb2
Qb8 35. Rf2 Qb7 36. fxg5 f5 37. Nf6+ Bxf6 38. gxf6 Kf7 39. Qc5 Kxf6 40. Qf8+
Qf7 41. Qd6 Qb7 42. Qf8+ Qf7 43. Qd6 Kg6 44. Qg3+ Kf6 45. Qh4+ Kg6 46. Qg3+ Kf6
47. Qh4+ Kg6 1/2-1/2

[Event "Team junior-boys chess final 2017"]
[Site "Sochi"]
[Date "2017.05.05"]
[Round "5.5"]
[White "Khalikov, Bulat"]
[Black "Kalaychev, Nodis"]
[Result "1-0"]
[WhiteElo "1854"]
[BlackElo "1490"]
[PlyCount "97"]
[EventDate "2017.05.01"]

1. e4 e5 2. Nf3 Nc6 3. d4 d6 4. dxe5 Bg4 5. exd6 Bxd6 6. Nc3 Nf6 7. Be2 O-O 8.
O-O Re8 9. h3 Bh5 10. Bg5 h6 11. Bh4 g5 12. Nxg5 Bxe2 13. Qxe2 hxg5 14. Bxg5
Be7 15. f4 Nh7 16. Bh6 Bf8 17. Bxf8 Rxf8 18. Rad1 Qh4 19. Rd5 Kh8 20. Rh5 Qg3
21. Nd5 f6 22. Nxc7 Rac8 23. Ne6 Rf7 24. Rh6 Nd8 25. Rf3 Qg8 26. Nd4 Rd7 27. c3
Qxa2 28. Rg3 Qf7 29. Qg4 Nc6 30. Nf5 Rg8 31. Qh4 Ne7 32. Rxh7+ Qxh7 33. Qxf6+
Rg7 34. Rxg7 Ng8 35. Rxg8+ Kxg8 36. Nh6+ Qxh6 37. Qxh6 Rd1+ 38. Kh2 Rb1 39. e5
Rxb2 40. e6 Re2 41. Qg6+ Kh8 42. Qh5+ Kg8 43. Qxe2 Kf8 44. e7+ Ke8 45. Qe5 b6
46. Qe6 a5 47. f5 a4 48. f6 a3 49. f7# 1-0

[Event "Team junior-boys chess final 2017"]
[Site "Sochi"]
[Date "2017.05.07"]
[Round "6.1"]
[White "Murtazin, Ruslan"]
[Black "Shubin, Kirill"]
[Result "1/2-1/2"]
[WhiteElo "2411"]
[BlackElo "2287"]
[PlyCount "80"]
[EventDate "2017.05.01"]

1. e4 e6 2. d4 d5 3. Nc3 Bb4 4. e5 c5 5. a3 Bxc3+ 6. bxc3 Qa5 7. Bd2 Qa4 8. Qb1
c4 9. Ne2 Nc6 10. Nf4 Bd7 11. g3 O-O-O 12. Bh3 f5 13. Bg2 Nge7 14. h4 g6 15.
Nh3 h6 16. Qc1 Qa5 17. a4 Kc7 18. Ra3 Rh7 19. Ke2 Rdh8 20. Qb2 Nc8 21. Nf4 Rg8
22. Rb1 Nb6 23. Bf3 Nd8 24. Qb4 Qxb4 25. cxb4 Bxa4 26. b5 Bxc2 27. Rb2 Ba4 28.
Ba5 Bb3 29. Bb4 Nc8 30. Ke3 Rhg7 31. Nd3 cxd3 32. Rbxb3 b6 33. Kxd3 Kb8 34. Rc3
Rc7 35. Rxc7 Kxc7 36. g4 f4 37. Rc3+ Kb7 38. Rc1 Rh8 39. Rh1 Rh7 40. Bf8 a6
1/2-1/2

[Event "Team junior-boys chess final 2017"]
[Site "Sochi"]
[Date "2017.05.07"]
[Round "6.1"]
[White "Zemnitskiy, Alexander"]
[Black "Ismailov, Amir"]
[Result "1-0"]
[WhiteElo "2010"]
[BlackElo "1897"]
[PlyCount "79"]
[EventDate "2017.05.01"]

1. e4 c5 2. Ne2 d6 3. g3 Nf6 4. Bg2 g6 5. c3 e5 6. d4 cxd4 7. cxd4 Qc7 8. Nbc3
a6 9. O-O Bg7 10. h3 O-O 11. Be3 Nc6 12. Rc1 exd4 13. Nxd4 Qe7 14. g4 Be6 15.
f4 Bc4 16. Re1 Nb4 17. b3 Bb5 18. a4 Bc6 19. Qd2 d5 20. e5 Ne4 21. Nxe4 dxe4
22. Nxc6 Nxc6 23. Bc5 Qe6 24. Bxf8 Bxf8 25. Rxe4 Qxb3 26. Qe3 Qb2 27. Rec4 Rd8
28. R4c2 Rd1+ 29. Kh2 Qd4 30. Qxd4 Rxd4 31. Bxc6 bxc6 32. Rxc6 Rxa4 33. f5 Ra2+
34. Kh1 Ra3 35. Kg2 Re3 36. Rxa6 Ba3 37. f6 h5 38. Rc8+ Kh7 39. Raa8 Kh6 40. h4
1-0

[Event "Team junior-boys chess final 2017"]
[Site "Sochi"]
[Date "2017.05.07"]
[Round "6.1"]
[White "Garifzyanov, Niyaz"]
[Black "Postnikov, Roman"]
[Result "0-1"]
[WhiteElo "1874"]
[BlackElo "2082"]
[PlyCount "70"]
[EventDate "2017.05.01"]

1. d4 Nf6 2. c4 g6 3. Nc3 Bg7 4. Nf3 O-O 5. g3 d6 6. Bg2 Nbd7 7. O-O c6 8. e4
e5 9. h3 Qb6 10. d5 Nc5 11. Ne1 Qb4 12. Qe2 a5 13. Be3 cxd5 14. Bxc5 Qxc5 15.
cxd5 Bd7 16. a4 Rfc8 17. Nd3 Qb6 18. Qe3 Qxe3 19. fxe3 Rc4 20. Rfc1 Rac8 21.
Nb5 Bf8 22. b3 Rc2 23. Rxc2 Rxc2 24. Rc1 Rd2 25. Nf2 Bxb5 26. axb5 Nd7 27. Bf1
Nc5 28. Bc4 Rb2 29. Rc3 Rxf2 30. Kxf2 Nxe4+ 31. Kf3 Nxc3 32. b6 Be7 33. e4 Bd8
34. Ke3 Bxb6+ 35. Kd3 Bd4 0-1

[Event "Team junior-boys chess final 2017"]
[Site "Sochi"]
[Date "2017.05.07"]
[Round "6.1"]
[White "Ismagilov, Damir"]
[Black "Galiev, Irek"]
[Result "1/2-1/2"]
[WhiteElo "2132"]
[BlackElo "1866"]
[PlyCount "101"]
[EventDate "2017.05.01"]

1. d4 Nf6 2. Nf3 g6 3. Bg5 Bg7 4. Nbd2 d5 5. e3 O-O 6. b4 c6 7. Be2 Nbd7 8. O-O
Re8 9. c3 e5 10. Qb3 a5 11. b5 e4 12. Ne1 h6 13. Bh4 g5 14. Bg3 c5 15. Nc2 c4
16. Qb2 b6 17. f3 Nf8 18. fxe4 Nxe4 19. Nxe4 Rxe4 20. Bf3 Re7 21. Rae1 Bf5 22.
Na3 Bd3 23. Rf2 Qd7 24. Nb1 Rae8 25. Bh5 Ng6 26. Nd2 Rxe3 27. Rxe3 Rxe3 28. Qc1
Qxb5 29. Bxg6 fxg6 30. Nf3 Re2 31. Rxe2 Bxe2 32. Ne5 Kh7 33. Kf2 Bxe5 34. Bxe5
Bd3 35. Qa3 Qe8 36. Qd6 Qf7+ 37. Ke3 h5 38. Qd8 Qg8 39. Qe7+ Kh6 40. Bf6 h4 41.
Bxg5+ Kh5 42. Bxh4 g5 43. Bg3 b5 44. a3 Qg6 45. Bc7 Qe4+ 46. Qxe4 Bxe4 47. Bxa5
Bxg2 48. Bc7 Kg4 49. Bd6 Be4 50. Bg3 Kf5 51. Bd6 1/2-1/2

[Event "Team junior-boys chess final 2017"]
[Site "Sochi"]
[Date "2017.05.07"]
[Round "6.2"]
[White "Kirushin, Ivan"]
[Black "Grigoriants, Boris"]
[Result "1-0"]
[WhiteElo "1640"]
[BlackElo "1731"]
[PlyCount "75"]
[EventDate "2017.05.01"]

1. d4 d6 2. Nf3 Nf6 3. c3 g6 4. Bg5 Bg7 5. Nbd2 Nc6 6. e3 O-O 7. Be2 Qe8 8. O-O
e5 9. dxe5 dxe5 10. b4 Bf5 11. Bxf6 Bxf6 12. e4 Bg4 13. h3 Bxf3 14. Nxf3 Nd8
15. a4 Ne6 16. g3 Qc6 17. Qd3 Rfd8 18. Qc4 Rd6 19. Qxc6 Rxc6 20. c4 Rd8 21.
Rfd1 Rb6 22. Rxd8+ Nxd8 23. b5 Ne6 24. a5 Rd6 25. Rd1 Nc5 26. Nd2 Rd4 27. Kf1
Bg5 28. Nf3 Rxd1+ 29. Bxd1 Nxe4 30. Nxe5 Nd2+ 31. Ke2 f6 32. Nf3 Nxf3 33. Kxf3
a6 34. Ke2 Kf7 35. Kd3 Ke6 36. Bf3 axb5 37. Bxb7 b4 38. a6 1-0

[Event "Team junior-boys chess final 2017"]
[Site "Sochi"]
[Date "2017.05.07"]
[Round "6.2"]
[White "Babayan, Arman S"]
[Black "Goncharova, Sofiya"]
[Result "1-0"]
[WhiteElo "1746"]
[BlackElo "1034"]
[PlyCount "57"]
[EventDate "2017.05.01"]

1. c4 e5 2. Nc3 Nf6 3. e3 d5 4. cxd5 Nxd5 5. Qh5 Nc6 6. Bb5 Nxc3 7. Qxe5+ Be6
8. Qxc3 Bd7 9. Nf3 a6 10. Ba4 f6 11. O-O Bb4 12. Qc2 O-O 13. Bxc6 Bxc6 14. Qc4+
Kh8 15. Qxb4 Bxf3 16. gxf3 f5 17. Qf4 Rf6 18. d4 c5 19. Bd2 Qe8 20. Kh1 Qh5 21.
Rg1 Rh6 22. Rg5 Qe8 23. Rag1 Qb5 24. Rxg7 Rf6 25. Qh4 h6 26. Rg8+ Rxg8 27.
Qxf6+ Kh7 28. Qf7+ Rg7 29. Qxg7# 1-0

[Event "Team junior-boys chess final 2017"]
[Site "Sochi"]
[Date "2017.05.07"]
[Round "6.3"]
[White "Nesterov, Arseniy"]
[Black "Mochalin, Faddey"]
[Result "1-0"]
[WhiteElo "2324"]
[BlackElo "1994"]
[PlyCount "117"]
[EventDate "2017.05.01"]

1. d4 d5 2. c4 e6 3. Nc3 c6 4. Nf3 Nf6 5. e3 Nbd7 6. Qc2 Bd6 7. b3 O-O 8. Bb2
e5 9. cxd5 cxd5 10. Nb5 Bb4+ 11. Bc3 Bxc3+ 12. Nxc3 e4 13. Nd2 a6 14. Be2 Re8
15. O-O Nf8 16. Rfc1 Qd6 17. Na4 Ne6 18. Nc5 Nf8 19. Nf1 Ng6 20. Na4 Bd7 21.
Qc5 Qxc5 22. Nxc5 Bc8 23. Rc3 Re7 24. Rac1 Bf5 25. Ng3 Be6 26. f3 exf3 27. gxf3
Ne8 28. Bd3 Nd6 29. e4 Nf4 30. e5 Ne8 31. Ne2 Nxe2+ 32. Bxe2 g6 33. b4 h5 34.
Kf2 Rc8 35. Bd3 Rec7 36. Ke3 Bd7 37. Kd2 Be6 38. Nxe6 fxe6 39. Bxg6 Rxc3 40.
Rxc3 Rxc3 41. Kxc3 Ng7 42. b5 a5 43. b6 Kf8 44. Kb3 Ke7 45. Ka4 Kd7 46. Kxa5
Kc6 47. h4 Kd7 48. Kb5 Ke7 49. a4 Kd8 50. a5 Kc8 51. a6 Kb8 52. axb7 Kxb7 53.
Kc5 Kb8 54. Kc6 Kc8 55. f4 Kb8 56. b7 Ka7 57. Kc7 Ka6 58. b8=Q Ka5 59. Kc6 1-0

[Event "Team junior-boys chess final 2017"]
[Site "Sochi"]
[Date "2017.05.07"]
[Round "6.3"]
[White "Bobkov, Vadim"]
[Black "Tsoi, Dmitry"]
[Result "0-1"]
[WhiteElo "1894"]
[BlackElo "2305"]
[PlyCount "96"]
[EventDate "2017.05.01"]

1. d4 Nf6 2. c4 e6 3. Nf3 Bb4+ 4. Bd2 Qe7 5. g3 Nc6 6. Bg2 Bxd2+ 7. Nbxd2 d6 8.
e4 a5 9. O-O e5 10. d5 Nb8 11. h3 Nbd7 12. Qc2 O-O 13. Ne1 Nc5 14. Nd3 Nxd3 15.
Qxd3 Nh5 16. Qe3 g6 17. f4 exf4 18. gxf4 f5 19. e5 g5 20. fxg5 dxe5 21. Rae1 e4
22. Bxe4 fxe4 23. Nxe4 Rxf1+ 24. Rxf1 Qe8 25. Qf3 Kh8 26. Qf8+ Qxf8 27. Rxf8+
Kg7 28. Rd8 Nf4 29. d6 cxd6 30. Nxd6 Nxh3+ 31. Kg2 Nxg5 32. Rxc8 Rxc8 33. Nxc8
Ne4 34. b3 Kf6 35. Kf3 Ke5 36. Nb6 Kd4 37. Nd7 Nc5 38. Nf6 Kc3 39. Nxh7 Kb2 40.
Ke3 Kxa2 41. Kd2 Kxb3 42. Kc1 a4 43. Ng5 a3 44. Ne4 Nxe4 45. Kb1 a2+ 46. Ka1
Ka3 47. c5 Nd2 48. c6 Nb3# 0-1

[Event "Team junior-boys chess final 2017"]
[Site "Sochi"]
[Date "2017.05.07"]
[Round "6.3"]
[White "Murzin, Volodar"]
[Black "Bratchikov, Vladislav"]
[Result "1-0"]
[WhiteElo "2315"]
[BlackElo "1894"]
[PlyCount "107"]
[EventDate "2017.05.01"]

1. e4 c6 2. Nc3 d5 3. Nf3 Bg4 4. h3 Bxf3 5. Qxf3 e6 6. d3 Nf6 7. Bd2 Bd6 8.
O-O-O Bb4 9. g4 d4 10. Nb1 Bxd2+ 11. Nxd2 e5 12. Nc4 Qe7 13. g5 Nfd7 14. h4 b5
15. Nd2 h6 16. Bh3 Nf8 17. Rdg1 hxg5 18. hxg5 Kd8 19. Qg4 Nbd7 20. f4 exf4 21.
Qxf4 Ng6 22. Qf2 c5 23. Bxd7 Kxd7 24. Qf5+ Kc7 25. Nf3 a5 26. Kb1 a4 27. e5 a3
28. b3 Rae8 29. e6 Rhf8 30. Nd2 Qxe6 31. Qxc5+ Qc6 32. Qa7+ Qb7 33. Qxd4 Re5
34. Ne4 Rd8 35. Qb4 Qa7 36. Rf1 Kc6 37. Rh3 Red5 38. Qc3+ Kb6 39. Rhf3 Ne5 40.
Rf5 Qe7 41. b4 Ra8 42. d4 Nc4 43. Rxd5 Qxe4 44. Rc5 Qe2 45. Rc1 Ra4 46. d5 Qe7
47. g6 fxg6 48. Re1 Qf8 49. Re6+ Ka7 50. Rxc4 bxc4 51. Qe3+ Kb7 52. Re7+ Ka6
53. Qe6+ Kb5 54. Rb7# 1-0

[Event "Team junior-boys chess final 2017"]
[Site "Sochi"]
[Date "2017.05.07"]
[Round "6.3"]
[White "Morgachev, Sergey"]
[Black "Makoveev, Ilya"]
[Result "0-1"]
[WhiteElo "1814"]
[BlackElo "2246"]
[PlyCount "62"]
[EventDate "2017.05.01"]

1. d4 Nf6 2. c4 g6 3. Nc3 d5 4. Nf3 Bg7 5. Bg5 Ne4 6. cxd5 Nxg5 7. Nxg5 e6 8.
Nf3 exd5 9. e3 O-O 10. b4 c6 11. Bd3 Nd7 12. O-O Re8 13. Rc1 Nf8 14. b5 Bd7 15.
bxc6 bxc6 16. Na4 Ne6 17. Nc5 Nxc5 18. Rxc5 Bf8 19. Rc1 Bd6 20. Nd2 Qg5 21. Re1
Re7 22. Nb3 Rae8 23. Nc5 Bg4 24. Be2 Rxe3 25. fxe3 Qxe3+ 26. Kh1 Qh6 27. h3 Qf4
28. Kg1 Bxe2 29. Rxe2 Rxe2 30. Qxe2 Qxc1+ 31. Kf2 Qf4+ 0-1

[Event "Team junior-boys chess final 2017"]
[Site "Sochi"]
[Date "2017.05.07"]
[Round "6.4"]
[White "Kuzmin, Roman"]
[Black "Kytin, Makar"]
[Result "1-0"]
[WhiteElo "1806"]
[BlackElo "2120"]
[PlyCount "79"]
[EventDate "2017.05.01"]

1. e4 e5 2. Nf3 Nc6 3. Bb5 a6 4. Ba4 Nf6 5. O-O b5 6. Bb3 Bb7 7. Re1 Bc5 8. c3
d6 9. d4 Bb6 10. d5 Nb8 11. Nbd2 O-O 12. Bc2 Nbd7 13. Nf1 Rc8 14. Ng3 Re8 15.
Nf5 Nf8 16. Ng5 c6 17. dxc6 Rxc6 18. Bb3 Ne6 19. Qf3 Rc7 20. Qg3 Kh8 21. Rd1
Bc5 22. Qh3 Bxe4 23. Nxe4 Nxe4 24. Be3 Rd7 25. Bd5 Nf6 26. Bc6 d5 27. Bxd7 Qxd7
28. Nxg7 Bxe3 29. Nxe8 Bxf2+ 30. Kxf2 Qxe8 31. Qf5 Ne4+ 32. Kg1 Nf4 33. g3 Ne2+
34. Kg2 f6 35. Qf3 N2xg3 36. hxg3 Qe6 37. Rf1 Kg7 38. Rad1 Kg6 39. g4 a5 40.
Qf5+ 1-0

[Event "Team junior-boys chess final 2017"]
[Site "Sochi"]
[Date "2017.05.07"]
[Round "6.4"]
[White "Babakekhyan, Artem"]
[Black "Gavrilin, Roman"]
[Result "0-1"]
[WhiteElo "1924"]
[BlackElo "1668"]
[PlyCount "103"]
[EventDate "2017.05.01"]

1. Nf3 d5 2. d4 Nf6 3. c4 e6 4. g3 Bb4+ 5. Bd2 Bd6 6. Bg2 c6 7. Qb3 O-O 8. O-O
Nbd7 9. Nc3 Re8 10. Rad1 Qe7 11. Rfe1 dxc4 12. Qxc4 e5 13. e4 exd4 14. e5 Nxe5
15. Qxd4 Bg4 16. Qe3 Rad8 17. Qe2 Qd7 18. Nxe5 Rxe5 19. Qf1 Bxd1 20. Rxd1 Qc7
21. Be3 Ree8 22. Rc1 Qb8 23. Qc4 Qc7 24. Qh4 Rxe3 25. fxe3 Bc5 26. Kh1 Bxe3 27.
Rf1 Bd4 28. g4 Bxc3 29. bxc3 Re8 30. Qg5 Qe5 31. Qh4 Nd5 32. Qf2 Re7 33. Qxa7
g6 34. c4 Ne3 35. Re1 Qb2 36. Qb8+ Kg7 37. Qg3 Qd2 38. h4 Nf5 39. gxf5 Qxe1+
40. Kh2 Qxg3+ 41. Kxg3 gxf5 42. Bf3 Re3 43. Kf4 Ra3 44. Be2 Kf6 45. h5 Rxa2 46.
Bd3 Ra4 47. h6 Ra1 48. c5 Ra4+ 49. Kf3 Kg5 50. Ke3 f4+ 51. Kf3 Kxh6 52. Be4 0-1

[Event "Team junior-boys chess final 2017"]
[Site "Sochi"]
[Date "2017.05.07"]
[Round "6.4"]
[White "Dotsenko, Makar"]
[Black "Grachev, Alexey"]
[Result "0-1"]
[WhiteElo "1462"]
[BlackElo "2147"]
[PlyCount "84"]
[EventDate "2017.05.01"]

1. d4 d5 2. c4 e6 3. Nf3 Nf6 4. Nc3 Be7 5. e3 O-O 6. Bd3 dxc4 7. Bxc4 b6 8. e4
Bb7 9. e5 Nd5 10. O-O c5 11. Re1 cxd4 12. Nxd4 Nxc3 13. bxc3 Nc6 14. Qg4 Kh8
15. Nxc6 Bxc6 16. Be3 Qc7 17. f4 Bxg2 18. Qxg2 Qxc4 19. Bd4 Bc5 20. Qf2 Bxd4
21. cxd4 Qd5 22. Rad1 Rac8 23. Re3 Rc4 24. Red3 Rfc8 25. Qg2 Qxg2+ 26. Kxg2 g6
27. Kg3 Rc3 28. Kg4 Rxd3 29. Rxd3 Rc2 30. d5 exd5 31. Rxd5 Rxa2 32. Kg5 Kg7 33.
Rd7 h6+ 34. Kg4 Kf8 35. f5 Ra4+ 36. Kf3 gxf5 37. Rd6 Re4 38. Rxh6 Rxe5 39. Kf4
Rc5 40. h4 Kg7 41. Rh5 Kg6 42. Rg5+ Kf6 0-1